000 00293nam a2200121Ia 4500
005 20251222152555.0
008 251222s9999||||xx |||||||||||||| ||spa||
082 _a800/A49
100 _aAlvarez Fernandez, José
245 0 _aApaktone Escritos I. 1921-1940
250 _a1ra.ed.
942 _cLIB
999 _c26406
_d26406